Learning French in one month (a guide to French conversational practice)
Αποθηκεύτηκε σε:
| Κύριος συγγραφέας: | |
|---|---|
| Μορφή: | Βιβλίο |
| Γλώσσα: | Αγγλικά |
| Έκδοση: |
YGT pub.
2013
|
| Ετικέτες: |
Προσθήκη ετικέτας
Δεν υπάρχουν, Καταχωρήστε ετικέτα πρώτοι!
|
MARC
| LEADER | 00000nam a22000007a 4500 | ||
|---|---|---|---|
| 008 | 240405b |||||||| |||| 00| 0 eng d | ||
| 020 | |a 9789785085228 | ||
| 100 | |a ADEKUNLE, J.A | ||
| 245 | |a Learning French in one month |b (a guide to French conversational practice) |c / J.A.Adekunle |e (Learning French in one month) |f 1 |g xi, 129p. | ||
| 250 | |b New ed. | ||
| 260 | |b YGT pub. |c 2013 |h Ibadan |i 691461 |l PC2121.Ad3 |m French language - Conversation and phrase books |m French language - Study and teaching | ||
| 942 | |a lcc |c BK |e A.R.Akinniyi |f 5:4:2024 | ||
| 952 | |0 0 |1 0 |2 lcc |4 0 |6 PC2121 A D3 |7 0 |9 5033 |a HOL |b HOL |c LP |d 2024-04-05 |l 0 |o PC2121.Ad3 |p 2024-0283 |r 2024-04-05 00:00:00 |t 691461 |w 2024-04-05 |y BK | ||
| 999 | |c 2499 |d 2499 | ||